| 000 | 00349nam a2200145Ia 4500 | ||
|---|---|---|---|
| 008 | 230312s9999||||xx |||||||||||||| ||und|| | ||
| 020 | _a0-19940712-5 | ||
| 082 |
_a133-10 _bSAT-P |
||
| 100 | _aSattar;Abdul | ||
| 245 | 0 | _aPakistan foreign policy | |
| 260 |
_bagha _apakistan _c2017 |
||
| 300 | _a378 | ||
| 650 |
_aEconomics _vEconomics |
||
| 942 | _cBK | ||
| 999 |
_c12642 _d12642 |
||